<?xml version="1.0" encoding="UTF-8"?>
<collection xmlns="http://www.loc.gov/MARC21/slim">
  <record>
    <leader>00000nam  2200000   4500</leader>
    <controlfield tag="001">INLIS000000000015877</controlfield>
    <controlfield tag="005">20230922085929</controlfield>
    <datafield tag="035" ind1="#" ind2="#">
      <subfield code="a">0010-0923000118</subfield>
    </datafield>
    <controlfield tag="007">ta</controlfield>
    <controlfield tag="008">230922################|##########|#|##</controlfield>
    <datafield tag="084" ind1="#" ind2="#">
      <subfield code="a">R 133 PIM II 2022</subfield>
    </datafield>
    <datafield tag="100" ind1=" " ind2="#">
      <subfield code="a">Rini Wartini</subfield>
    </datafield>
    <datafield tag="245" ind1="1" ind2="#">
      <subfield code="a">Saiber Digital : Pembangunan Ekosistem Pengawasan Intern Yang Kolaboratif Melalui Sistem Audit Intern Bawaslu Berbasis Digital /</subfield>
      <subfield code="c">Rini Wartini</subfield>
    </datafield>
    <datafield tag="250" ind1="#" ind2="#">
      <subfield code="a">1</subfield>
    </datafield>
    <datafield tag="260" ind1="#" ind2="#">
      <subfield code="a">Jakarta :</subfield>
      <subfield code="b">Pusbangkom Pimnas dan Manajerial ASN,</subfield>
      <subfield code="c">2022</subfield>
    </datafield>
    <datafield tag="300" ind1="#" ind2="#">
      <subfield code="a">88 halaman :</subfield>
      <subfield code="b">ilus ;</subfield>
      <subfield code="c">30 cm</subfield>
    </datafield>
    <datafield tag="650" ind1="#" ind2="4">
      <subfield code="a">Saiber</subfield>
    </datafield>
    <datafield tag="520" ind1="#" ind2="#">
      <subfield code="a">Pembangunan system audit intern berbasis digital, memberikan perbaikin, penataan proses bisnis audit internal yang terstandar, dengan pembangunan subsystem e-library sebagai sarana membangun profesional SDM, subsystem Pengawasan intern mulai dari tahap pembangunan audit universe, tahap perencanaan, pelaksanaan, pengokunikasian hasil pengawasan, subbsystem monitoring tindak lanjut hasil pengawasan, pengediakan informasi hasil pengawasan intern bagi pimpinan mulai dashboard untuk dasar pengembilan keputusan terkait perbaikan pengendalian, serta bafi stakeholders Kementrian/Lembaga lain terkait ekosistem pengawasan intern Bawaslu</subfield>
    </datafield>
    <datafield tag="856" ind1="#" ind2="#">
      <subfield code="a">Perpustakaan LAN Pusat</subfield>
    </datafield>
    <datafield tag="990" ind1="#" ind2="#">
      <subfield code="a">133</subfield>
    </datafield>
  </record>
</collection>
